On This Day: May 22nd II Quiz Stats

 Plays Quiz Updated May 22, 2018

Score 0/7 Timer 03:00
0 Plays Today
Question Answer Wrong Answers
The ______ brothers are granted US patent number 821,393 for their ‘Flying-Machine’.
1906
Wright
98%
Rite
0.2%
Right
0.3%
Write
0.9%
To avoid alienating his WWII allies, this man disbands the Comintern, an international organization that advocated world communism.
1943
Joseph Stalin
82.6%
Mao Zedong
5.6%
Fidel Castro
3.3%
Leonid Brezhnev
6.6%
This English actor and director, a British film icon known for films like ‘Wuthering Heights’, ‘Rebecca’, and ‘Hamlet’, is born.
1907
Laurence Olivier
78.2%
Kirk Douglas
2.9%
Clark Gable
4.7%
Peter O'Toole
13%
The first ever ______ World Cup begins with New Zealand playing Italy at Eden Park in Auckland, New Zealand.
1987
Rugby
73.8%
Cricket
17.4%
Lacrosse
5.6%
Basketball
1.3%
The penal transportation of British convicts to the ______ colony in Australia is abolished.
1840
New South Wales
73.2%
New Brunswick
5.6%
Hawke's Bay
15.7%
Bristol
5.4%
A worldwide trade embargo against this Caribbean nation goes into effect, in an effort to punish its military rulers for not reinstating the country's ousted elected leader, Jean-Bertrand Aristide.
1994
Haiti
69.7%
Dominican Republic
6.8%
Cuba
18.1%
Jamaica
3%
This US President signs the Amnesty Act into law, restoring full civil and political rights to all but about 500 Confederate sympathizers.
1872
Ulysses S. Grant
67.4%
Andrew Johnson
19.1%
Rutherford B. Hayes
6.9%
James A. Garfield
6.3%

You're not logged in!

Compare scores with friends on all Sporcle quizzes.
OR
Log In

Sporcle TV

Today on Sporcle TV


Watch our educational content, quiz creation guides, and fun videos on Sporcle TV.

Show Comments

Extras

Top Quizzes Today


Score Distribution

Your Account Isn't Verified!

In order to create a playlist on Sporcle, you need to verify the email address you used during registration. Go to your Sporcle Settings to finish the process.

Report this User

Report this user for behavior that violates our Community Guidelines.

Details: